[Event "Pan American-ch"]
[Site "Cartagena"]
[Date "2012.07.06"]
[Round "5"]
[White "De la Hoz Colon, Jessica"]
[Black "Maldonado Barrera, Obeida Ros"]
[Result "0-1"]
[WhiteElo "1610"]
[BlackElo "1527"]
[PlyCount "68"]
[EventDate "2012.07.04"]
[EventType "swiss"]
[EventRounds "9"]
[EventCountry "COL"]
[SourceTitle "CBM 149 Extra"]
[Source "ChessBase"]
[SourceDate "2012.08.24"]
[SourceVersion "1"]
[SourceVersionDate "2012.08.24"]
[SourceQuality "1"]

1. e4 e6 2. Nc3 d5 3. exd5 exd5 4. d4 Bd6 5. Nf3 Ne7 6. Bd3 a6 7. 0-0 Nbc6 8. Re1 Bg4 9. Nxd5 Nxd4 10. Nxe7 Bxe7 11. Be2 Nxf3+ 12. Bxf3 Qxd1 13. Rxd1 Bxf3 14. gxf3 0-0 15. Bf4 c6 16. Rd7 Bf6 17. Rxb7 Rfe8 18. Rd1 Re2 19. Rd2 Re1+ 20. Kg2 h6 21. Rdd7 Rf8 22. Bd6 Rfe8 23. Rxf7 Bxb2 24. Bb4 Rc1 25. Bd2 Rxc2 26. Bf4 Rf8 27. Rxf8+ Kxf8 28. Bd6+ Kg8 29. h4 Bd4 30. a4 Rxf2+ 31. Kg3 Ra2 32. Rc7 c5 33. Bxc5 Bxc5 34. Rxc5 Rxa4 0-1